Sartre para principiantes /
Guardado en:
| Autor Principal: | |
|---|---|
| Formato: | Libro |
| Publicado: |
Buenos Aires :
Era Naciente
|
| Series: | Documentos ilustrados; No. 19
|
| Materias: | |
| Etiquetas: |
Agregar Etiqueta
Sin Etiquetas, Sea el primero en etiquetar este registro!
|
| LEADER | 00597nam a22002055a 4500 | ||
|---|---|---|---|
| 001 | CEM.cems011182 | ||
| 005 | 20071107162817.0 | ||
| 008 | 130507b######################000#0#####d | ||
| 003 | CEMS | ||
| 020 | |a 9879065344 | ||
| 082 | 0 | 4 | |a 149 |
| 100 | 1 | |a Plamer, Donald P. | |
| 245 | 1 | 0 | |a Sartre para principiantes / |c Donald D. Palmer |
| 260 | |a Buenos Aires : |b Era Naciente | ||
| 300 | |a 176 p. | ||
| 490 | 0 | |a Documentos ilustrados; No. 19 | |
| 653 | |a Litertura | ||
| 653 | |a Sartre, jean paul-biografía | ||
| 653 | |a Sartre, jean paul-análisis | ||
| 859 | |a CEMS |b BIB. CEMS - 11 de abril |h 149 |i P182 |p 22053.03 |t Ej.1 | ||
